000 00818nam a22002537a 4500
003 OSt
005 20211214104641.0
008 211207b |||||||| |||| 00| 0 eng d
020 _aT202
040 _cSTCPL
041 _aENG
082 _a320
_bUNN-S
100 _aUnni Joseph
110 _aGuided by Stany Thomas
111 _aMahatma Gandhi University Kottayam, Research and Post Graduate Department of Political Science, St. Thomas College Palai
245 _aSocial mobility and identity crisis of Dalit Christians :
_bA case study of Dalit Catholics in Kottayam district /
_cby Unni Joseph
260 _aPala :
_cAygust 2018
300 _a263p.
_bHB
650 _aPolitics
856 _uhttps://shodhganga.inflibnet.ac.in/handle/10603/273511
942 _cTHE
942 _n0
_2ddc
942 _2ddc
_n0
999 _c75408
_d75408